| 000 | 00884nac a22002895a 4500 | ||
|---|---|---|---|
| 008 | 100116t2004 nyua|||| b||| 001 0 eng d | ||
| 010 | _a 2001033360 | ||
| 020 | _a0766816346 | ||
| 020 | _a9780766816343 | ||
| 040 |
_aEG-Sc BUE _beng _cEG-Sc BUE |
||
| 082 | 0 | 4 |
_a604.2 _bENG _222 |
| 100 |
_a20080729 _910335 |
||
| 245 | 0 | 0 |
_aEngineering drawing & design / _cDavid A. Madsen ... [et al.] |
| 246 | 3 | _aEngineering drawing and design | |
| 250 | _a3rd ed. | ||
| 260 |
_aAlbany : _bDelmar Thomas Learning, _cc.2004 |
||
| 300 |
_axx, 1018 p. : _bill. ; _c29 cm. |
||
| 440 | 0 |
_aDelmar drafting series _910336 |
|
| 500 | _aIndex : p.1005-1018. | ||
| 521 | _aGlossary : p. 997-1003. | ||
| 590 | _aDoha | ||
| 650 | 0 |
_aMechanical drawing. _910337 _2BUEsh |
|
| 651 | _2BUEsh | ||
| 653 | _cAugust2015 | ||
| 700 | 1 |
_aMadsen, David A. _910338 |
|
| 942 |
_cBB _k604.2 ENG _2ddc |
||
| 999 |
_c13 _d13 |
||